000 00320nam a2200121Ia 4500
008 230303s9999 xx 000 0 und d
041 _aeng
082 _a621.3815 EDM
100 _aEDMINISTER (JOSEPH A) NAHVI (MAHMOOD)
245 _aTheory and Problems of Electric Circuits
260 _aNEW DELHI
_bTMH
365 _cRS
999 _c175388
_d175388